Normal view
MARC view
Entry Personal Name
001 - CONTROL NUMBER
- control field: 73318
003 - CONTROL NUMBER IDENTIFIER
- control field: OSt
005 - DATE AND TIME OF LATEST TRANSACTION
- control field: 20230225103328.0
008 - FIXED-LENGTH DATA ELEMENTS
- fixed length control field: 230225|| aca||aabn | a|a d
040 ## - CATALOGING SOURCE
- Original cataloging agency: OSt
- Transcribing agency: OSt
100 ## - HEADING--PERSONAL NAME
- Personal name: Shalini Sehgal
670 ## - SOURCE DATA FOUND
- Source citation: Work cat.: (OSt)226814: Shalini Sehgal, Laboratory manual of food analysis, 2021